Oasis Songs - Statistics

General Stats
  • This quiz has been taken 5,780 times
    5,733 since last reset
  • The average score is 29 of 80
Answer Stats
Tracks % Correct
Wonderwall
94%
Don't Look Back In Anger
88%
Live Forever
80%
Champagne Supernova
79%
Supersonic
77%
Morning Glory
75%
Morning Glory
75%
Rock'n'Roll Star
70%
Cigarettes and Alcohol
65%
Roll With It
64%
Slide away
64%
Hello
63%
She's Electric
61%
Stand By Me
60%
Shakermaker
59%
Married with Children
58%
Some Might Say
57%
Columbia
55%
Stop Crying Your Heart Out
55%
Digsy's Dinner
53%
Lyla
53%
Be Here Now
52%
All Around The World
51%
Cast No Shadow
50%
Little By Little
47%
The Importance Of Being Idle
46%
Hey Now
45%
Songbird
45%
Up in the Sky
45%
D'you Know What I Mean?
44%
****** In The Bushes
43%
Don't Go Away
42%
Gas Panic!
41%
Bring it on down
40%
Go Let It Out
39%
The Hindu Times
37%
Magic Pie
35%
Little James
34%
My Big Mouth
32%
I'm Outta Time
31%
The Girl In the Dirty Shirt
30%
Let There Be Love
29%
Sunday Morning Call
29%
I Hope I Think I Know
28%
The Shock Of The Lightning
27%
Untitled
27%
Untitled
27%
Fade In-Out
25%
Who Feels Love
25%
It's Getting Better (Man!!)
24%
All Around The World (Reprise)
23%
Roll It Over
23%
Falling Down
22%
She Is Love
22%
Where Did It All Go Wrong?
22%
Bag It Up
21%
Turn Up The Sun
20%
Force Of Nature
19%
Mucky Fingers
19%
Better Man
17%
I Can See A Liar
17%
Waiting For The Rapture
17%
Born On A Different Cloud
16%
(Get Off Your) High Horse Lady
16%
Guess God Thinks I'm Abel
16%
The Turning
16%
Put Yer Money Where Yer Mouth Is
15%
Soldier On
15%
A Bell Will Ring
14%
Love Like A Bomb
14%
Part Of The Queue
14%
Hung In A Bad Place
13%
A Quick Peep
12%
The Meaning Of Soul
12%
Keep The Dream Alive
10%
The Nature of Reality
9%
Ain't Got Nothin'
8%
(Probably) All In The Mind
8%
The Cage
8%
To Be Where There's Life
8%
No matching quizzes found
Score Distribution
Percent of People with Each Score
Percentile by Number Answered
Your Score History
You have not taken this quiz since the last reset